[Event "FICGS class C 000021 email"]
[Site "FICGS email"]
[Date "2007.04.16"]
[Round "1"]
[White "Giraud, Stephane"]
[Black "Kuuse, Klaus"]
[Result "1-0"]
[WhiteElo "2021"]
[BlackElo "1909"]
[PlyCount "25"]
[EventDate "2007.??.??"]
[EventType "tourn (corr)"]
[EventRounds "1"]
[SourceTitle "Corr 2022"]
[Source "ChessBase"]
[SourceDate "2021.10.24"]
[SourceVersion "1"]
[SourceVersionDate "2021.10.24"]
[SourceQuality "1"]

1. e4 e5 2. Nf3 Nc6 3. Bb5 a6 4. Ba4 Nf6 5. 0-0 Be7 6. Re1 b5 7. Bb3 d6 8. h3 0-0 9. c3 Na5 10. Bc2 c5 11. d4 Qc7 12. Nbd2 cxd4 13. cxd4 1-0